000 00960cam a2200157 4500500
005 20260308004350.0
041 _afre
042 _adc
100 1 0 _aBaron, Anne-Marie
_eauthor
245 0 0 _aThe miracles of medicine in Balzac:
260 _c2025.
500 _a95
520 _aJust as the medical metaphor is always associated with Jesus, the Christ metaphor is associated with Balzac’s doctors, such as Bianchon, Benassis, and Desplein. Their miracles, whose theatrical dimension is emphasized by Balzac, are para-psychic performances, seemingly magical, but influenced by magnetism, hypnosis, or the simple charisma of doctors like Halpersohn. Balzac analyzes them with an intuition that makes him the precursor of psychopathology or psychoanalysis.
786 0 _nL’Année balzacienne | 26 | 1 | 2025-11-13 | p. 241-256 | 0084-6473
856 4 1 _uhttps://shs.cairn.info/journal-lannee-balzacienne-2025-1-page-241?lang=en&redirect-ssocas=7080
999 _c1678207
_d1678207